Speciální techniky sociální práce /

Hlavní autor: Králová, Jaroslava
Jazyk: Čeština
Vydáno: Praha : Ministerstvo práce a sociálních věcí České republiky, 1995
Vydání: Vyd. 1.
Témata:
Fyzický popis: 61 s. : il. ; 29 cm
Knihy
Uloženo v:
LEADER 00966nam a2200289 a 4500
001 000033808
003 CZ BrMZK
005 20230515113343.0
007 ta
008 950313s1995 xr f f 0 cze d
015 |a cnb000106059 
020 |a 80-85529-15-7 
040 |a BOA001  |b cze 
072 7 |a 364-1/-7  |x Druhy sociální pomoci a služeb  |2 Konspekt  |9 18 
080 |a 364-78  |2 MRF 
080 |a (035)  |2 MRF 
100 1 |a Králová, Jaroslava  |7 xx0021955  |4 aut 
245 1 0 |a Speciální techniky sociální práce /  |c Jaroslava Králová 
250 |a Vyd. 1. 
260 |a Praha :  |b Ministerstvo práce a sociálních věcí České republiky,  |c 1995 
300 |a 61 s. :  |b il. ;  |c 29 cm 
500 |a Bibliogr. s. 61 
650 0 7 |a sociální práce  |7 ph125805  |2 czenas 
655 7 |a příručky  |7 fd133209  |2 czenas 
910 |a BOA001  |b 4-1013.237 
990 |a BK 
996 7 |b 2610026519  |c 4-1013.237  |l MZK  |r Sklad / do 1 hodiny  |n 73  |p p.v.  |w 000033808  |u 000010  |a 1  |e BOA001  |j MZK50  |s A